Geografia con la lettera "B" - Statistics

Statistiche generali
  • Questo quiz è stato fatto 135 volte
  • Il punteggio medio è 58 su 110
Statistiche sulle risposte
Suggerimento Risposta % Corretto
Città dell'antica Mesopotamia, nota per i suoi giardini pensili e il Codice di Hammurabi Babilonia
93%
Capoluogo della regione Puglia Bari
90%
Capitale della Germania Berlino
89%
Capitale della Svizzera Berna
89%
Capitale dell'Ungheria Budapest
89%
Paese con capitale Bruxelles Belgio
87%
Capitale del Belgio Bruxelles
87%
Capitale della Romania Bucarest
87%
Paese con capitale Sofia Bulgaria
87%
Capitale dell'Iraq Baghdad
86%
Capitale dell'Argentina Buenos Aires
86%
Regione con Capoluogo Potenza Basilicata
85%
Paese con capitale Brasília Brasile
85%
Capitale del Brasile Brasília
85%
Paese con capitale Sarajevo Bosnia ed Erzegovina
84%
Capoluogo della Catalogna (Spagna) Barcellona
83%
Paese con capitale Minsk Bielorussia
82%
Capoluogo dell'Emila Romagna Bologna
82%
Capitale della Serbia Belgrado
80%
Paese con capitale La Paz / Sucre Bolivia
80%
Capitale del Libano Beirut
79%
Provincia della Lombardia Bergamo
79%
Provincia della Trentino Alto Adige Bolzano
79%
Paese con capitale Bandar Seri Begawan Brunei
79%
Provincia della Puglia Barletta-Andria- Trani
78%
Capitale della Thailandia Bangkok
77%
Paese con capitale Belmopan Belize
77%
Provincia del Veneto Belluno
77%
Provincia della Lombardia Brescia
77%
Capitale dell'Azerbaigian Baku
76%
Capitale dell'Irlanda del Nord (Regno Unito) Belfast
76%
Provincia della Puglia Brindisi
76%
Capitale della Colombia Bogotà
75%
Land con Capoluogo Monaco (Germania) Baviera
74%
Provincia della Camapnia Benevento
74%
Provincia del Piemonte Biella
74%
Capitale della Slovacchia Bratislava
74%
Mare interno dell'Oceano Atlantico settentrionale e si trova nell'Europa nord-orientale, circondato dalla penisola scandinava Baltico
70%
Paese con capitale Dacca Bangladesh
70%
Penisola dell'Europa sud-orientale Balcani
66%
Paese con capitale Nassau Bahamas
65%
Regione con capoluogo Palma di Maiorca (Spagna) Baleari
65%
Paese con capitale Bridgetown Barbados
65%
Quartiere di Milanoche ospita l'Accademia di Belle Arti con la sua omonima Pinacoteca Brera
65%
Capitale del Massachusetts (USA) Boston
63%
Paese con capitale Gaborone Botswana
63%
Paese con capitale Ouagadougou Burkina Faso
63%
Paese con capitale Gitega Burundi
63%
Capoluogo di una provincia dei Paesi Baschi (Spagna) Bilbao
62%
Città più popolosa dell'Alabama (USA) | Seconda città più popolosa dell'Regno Unito (+1,2M abitanti) Birmingham
62%
Isola e provincia dell'Indonesia Bali
61%
Area geografica a nord di Milano (Monza, Lecco, Como) Brianza
61%
Capitale della Guinea-Bissau Bissau
58%
Ex Capitale della Germania Ovest (1949-1990) Bonn
58%
Capitale del Belize Belmopan
57%
Paese con capitale Thimphu Bhutan
57%
Paese con capitale Porto-Novo Benin
54%
Paese con capitale Manama Bahrein
50%
Terza città più popolosa della Svizzera (+180K abitanti) Basilea
50%
Quartiere di Milano che ospita l'omonima università Bicocca
50%
Stretto in Turchia che separa l'Europa dall'Asia Bosforo
48%
Città più popolosa del Maryland (USA) Baltimora
47%
Capitale del Brunei Bandar Seri Begawan
47%
Regione storica dell'Europa centrale (Attuale Cechia) Boemia
47%
Terza isola più estesa al mondo (Brunei, Indonesia, Malaysia) Borneo
46%
Capitale delle Barbados Bridgetown
46%
Capoluogo della Nuova Aquitania (Francia) Bordeaux
44%
Regione con capoluogo Rennes (Francia) Bretagna
44%
Fiume italiano tra Trentino e Veneto Brenta
42%
Comune in provincia di Palermo (+52K abitanti) Bagheria
41%
Comune in provincia di Bari (+52K abitanti) Bitonto
39%
Capitale del Mali Bamako
38%
Comune in provincia di Varese (+84K abitanti) Busto Arsizio
37%
Capitale della Repubblica del Congo Brazzaville
36%
Capoluogo delle Fiandre occidentali, noto per i suoi canali e centro storico medievale patrimonio dell'UNESCO (Belgio) Bruges
36%
Capitale della Repubblica Centrafricana Bangui
34%
Capitale del Gambia Banjul
32%
Comune in provincia di Como, noto per il suo turismo di lusso Bellagio
32%
Quartiere di Milano dal 1923, prima era un comune autonomo Baggio
30%
Comune in provincia di Trani (+53K abitanti) Bisceglie
30%
Capitale del Kirghizistan Bishkek
30%
Regione con capoluogo Digione (Francia) Borgogna-Franca Contea
30%
Seconda città più popolosa della Cechia (+380K abitanti) Brno
28%
Land con Capoluogo Stoccarda (Germania) Baden-Württemberg
27%
Territorio d'oltremare britannico nel Nord Atlantico Bermuda
26%
Land con Capoluogo Potsdam (Germania) Brandeburgo
26%
Città più popolosa del Sussex (Regno Unito, +280K abitanti) Brighton
25%
Capoluogo del South West (Regno Unito) Bristol
25%
Capitale della Louisiana (USA) Baton Rouge
24%
Land con Capoluogo Hannover (Germania) Bassa Sassonia
23%
Capitale di Saint Kitts e Nevis Basseterre
23%
Massiccio montuoso delle Alpi Bernina
23%
Terza città più popolosa dell'india (+8,5M abitanti) Bangalore
22%
Land con Capoluogo omonimo (Germania) Brema
22%
Capitale del Dakota del Nord (USA) Bismarck
21%
Terza città più popolosa della Polonia (+670K abitanti) Breslavia
21%
Regione storico-geografica ad est dell'India Bengala
18%
Capitale dell'Idaho (USA) Boise
18%
Quartiere di Milano che ospita il Politecnico Bovisa
18%
Seconda città più popolosa della Corea del Sud (+3,6M abitanti) Busan
16%
Isola più estesa del Canada Baffin
10%
Dipartimento con capoluogo Marsiglia (Francia) Bocche del Rodano
8%
Capoluogo di una provincia di Castiglia e León (Spagna) Burgos
8%
Contea del Regno Unito che ospita il Castello di Windsor Berkshire
7%
Città più popolosa del Montana (USA) Billings
7%
Regione autonoma della Papua Nuova Guinea Bougainville
6%
Città più popolosa del Connecticut (USA) Bridgeport
6%
Città più popolosa del Vermont (USA) Burlington
4%
Dipartimento con capoluogo Strasburgo (Francia) Basso Reno
3%
Nessun quiz corrispondente trovato
Distribuzione punteggi
Percentuale di utenti per punteggio
Percentile per numero di risposta
I tuoi punteggi nel tempo
Non hai fatto questo quiz